50 Greatest Players in NBA History - Statistics

General Stats
  • This quiz has been taken 49 times
  • The average score is 34 of 50
Answer Stats
Hint Answer % Correct
MIL, LAL Kareem Abdul-Jabbar
100%
CLE, MIA, LAL* LeBron James
100%
CHI, WAS Michael Jordan
100%
GSW* Stephen Curry
98%
OKC, GSW, BKN, PHX* Kevin Durant
95%
LAL Kobe Bryant
95%
BOS Larry Bird
95%
LAL Magic Johnson
95%
ORL, LAL, MIA, PHX, CLE, BOS Shaquille O'Neal
95%
BOS Bill Russell
90%
OKC, HOU, BKN, PHI, LAC* James Harden
88%
LAL Jerry West
88%
SAS Tim Duncan
88%
DAL Dirk Nowitzki
86%
HOU, TOR Hakeem Olajuwon
86%
UTA Karl Malone
86%
LAC, HOU, PHI, WAS, ATL, MIL, SAS Moses Malone
83%
CHI, HOU, POR Scottie Pippen
83%
PHI, SFW , PHI,LAL Wilt Chamberlain
83%
SAS David Robinson
79%
UTA John Stockton
79%
SEA/OKC, HOU, WAS, LAL, LAC* Russell Westbrook
79%
MIN, BOS, BKN Kevin Garnett
76%
ROCH, MIL Oscar Robertson
76%
PHI, PHX, HOU Charles Barkley
69%
POR, HOU Clyde Drexler
69%
BKN, PHI Julius Erving
69%
NOH, LAC, HOU, PHX, GSW* Chris Paul
67%
DAL, PHX, NJN, NYK Jason Kidd
67%
BOS John Havlicek
64%
NYK, SEA, ORL Patrick Ewing
62%
DAL, PHX, LAL Steve Nash
62%
IND Reggie Miller
60%
LAL Elgin Baylor
57%
DET Isiah Thomas
57%
BOS Kevin McHale
55%
SAS George Gervin
50%
SAS Manu Ginobili
50%
MIL,SEA, BOS, MIA Ray Allen
50%
SAS, TOR, LAC Kawhi Leonard
45%
BOS, BKN, LAC Paul Pierce
43%
MEM, LAL, CHI, MIL Pau Gasol
38%
NYK Walt Frazier
38%
POR, SD, BOS Bill Walton
36%
SD/HOU, WAS Elvin Hayes
36%
SFW/GSW, HOU Rick Barry
36%
STL Bob Pettit
29%
MIA, CHI, CLE Dwayne Wade
26%
PHI Dolph Schayes
24%
LAC, IND, LAL, UTA, DET, DAL, MIL Adrian Dantley
10%
No matching quizzes found
Score Distribution
Percent of People with Each Score
Percentile by Number Answered
Your Score History
You have not taken this quiz